Presidencialismo y sistema político : México y los Estados Unidos /

Gardado en:
Detalles Bibliográficos
Autor Principal: Hernández Chávez, Alicia (coordinación)
Formato: Libro
Idioma:Lingua castelá
Publicado: México : El Colegio de México : Fondo de Cultura Económica : Fideicomiso Historia de las Américas, 1994, c1994
Etiquetas: Engadir etiqueta
Sen Etiquetas, Sexa o primeiro en etiquetar este rexistro!

MARC

LEADER 00000nam^a2200000^a^4500
001 000562112
005 20250521000000.0
009 20260310131937.179
020 |a 968-16-4526-X 
037 |a Acervo ITESO - Biblioteca 
041 |a ESP 
091 |a FGM. 01709 
100 |a Hernández Chávez, Alicia  |e (coordinación) 
245 1 0 |a Presidencialismo y sistema político :  |b México y los Estados Unidos / 
264 4 |a México :  |b El Colegio de México :  |b Fondo de Cultura Económica :  |b Fideicomiso Historia de las Américas,  |c 1994, c1994 
300 |a 184 p. 
336 |a texto  |b txt  |2 rdacontenido 
337 |a sin mediación  |b n  |2 rdamedio 
338 |a volumen  |b nc  |2 rdasoporte 
649 |a XX 
910 |a Fondo Efraín González Morfín 
920 |a Impresos - Libros 
930 |a Fondos Especiales 
905 |a 130 
901 |a 0500385860  |b IT2  |c ESL  |i D90738  |u 20250521 
902 |a https://opac.biblio.iteso.mx/vufind/Record/000562112